000 00852nam a2200217Ia 4500
001 22887
003 GE_BSU
008 181216s||||||||xx |||||||||||||| ||und||
040 _cGE_BSU
245 _aკარიბჭე №8(355) 26ივლისი-29 აგვისტო. 2018
245 _bმართლმადიდებლური ჟურნალი.
245 _cმთავარი რედაქტორი: თამარ მამაცაშვილი.
260 _aთბილისი
260 _c2018
300 _a50 გვ. : ილ. ; 20სმ.
653 _aკარიბჭე №8(355) 26ივლისი-29 აგვისტო. 2018
653 _aპერიოდიკა
653 _aრელიგია
653 _aსაეკლესიო ჟურნალი
942 _cCR
999 _c55790
_d55790